The poetics of space / (Record no. 31154)

MARC details
000 -LEADER
fixed length control field 01300nam a2200373 i 4500
001 - CONTROL NUMBER
control field AET2508BB
003 - CONTROL NUMBER IDENTIFIER
control field EG-ScBUE
005 - DATE AND TIME OF LATEST TRANSACTION
control field 20260405101936.0
008 - FIXED-LENGTH DATA ELEMENTS--GENERAL INFORMATION
fixed length control field 930617t2014 nyu f b 000 0 eng d
020 ## - INTERNATIONAL STANDARD BOOK NUMBER
International Standard Book Number 9780143107521
035 ## - SYSTEM CONTROL NUMBER
System control number (OCoLC)ocm28423776
040 ## - CATALOGING SOURCE
Original cataloging agency DLC
Language of cataloging eng
Description conventions rda
Transcribing agency DLC
Modifying agency EG-ScBUE
041 1# - LANGUAGE CODE
Language code of text/sound track or separate title eng
Language code of original and/or intermediate translations of text fre
082 04 - DEWEY DECIMAL CLASSIFICATION NUMBER
Classification number 194
Edition number 22
Item number BAC
100 1# - MAIN ENTRY--PERSONAL NAME
Personal name Bachelard, Gaston,
Dates associated with a name 1884-1962,
Relator term author.
240 10 - UNIFORM TITLE
Uniform title <a href="Poétique de l'espace.">Poétique de l'espace.</a>
Language of a work English
Version (Jolas)
245 14 - TITLE STATEMENT
Title The poetics of space /
Statement of responsibility, etc Gaston Bachelard ; translated by Maria Jolas ; foreword by Mark Z. Danielewski ; introduction by Richard Kearney.
264 #1 - PUBLICATION, DISTRIBUTION, ETC. (IMPRINT)
Place of publication, distribution, etc New York :
Name of publisher, distributor, etc Penguin Books,
Date of publication, distribution, etc [2014]
264 #4 - PUBLICATION, DISTRIBUTION, ETC. (IMPRINT)
Date of publication, distribution, etc c2014
300 ## - PHYSICAL DESCRIPTION
Extent xxvii, 268 pages ;
Dimensions 21 cm
336 ## - CONTENT TYPE
Source rdacontent
Content type term text
Content type code txt
337 ## - MEDIA TYPE
Source rdamedia
Media type term unmediated
Media type code n
338 ## - CARRIER TYPE
Source rdacarrier
Carrier type term volume
Carrier type code nc
504 ## - BIBLIOGRAPHY, ETC. NOTE
Bibliography, etc Includes bibliographical references.
546 ## - LANGUAGE NOTE
Language note Text in English ; translated from the original French language.<br/>
650 #7 - SUBJECT ADDED ENTRY--TOPICAL TERM
Topical term or geographic name as entry element Space and time.
Source of heading or term BUEsh
650 #7 - SUBJECT ADDED ENTRY--TOPICAL TERM
Topical term or geographic name as entry element Imagination.
Source of heading or term BUEsh
650 #7 - SUBJECT ADDED ENTRY--TOPICAL TERM
Topical term or geographic name as entry element Poetry.
Source of heading or term BUEsh
655 ## - INDEX TERM--GENRE/FORM
Form subdivision Reading book
700 1# - ADDED ENTRY--PERSONAL NAME
Personal name Jolas, M.,
Relator term translator.
700 1# - ADDED ENTRY--PERSONAL NAME
Personal name Danielewski, Mark Z.,
Relator term writer of foreword.
700 1# - ADDED ENTRY--PERSONAL NAME
Personal name Kearney, Richard,
Relator term writer of introduction, etc.
942 ## - ADDED ENTRY ELEMENTS (KOHA)
Source of classification or shelving scheme Dewey Decimal Classification
Koha item type Book - Borrowing
Holdings
Withdrawn status Lost status Source of classification or shelving scheme Damaged status Not for loan Collection code Home library Current library Shelving location Date acquired Source of acquisition Cost, normal purchase price Serial Enumeration / chronology Total Checkouts Full call number Barcode Date last seen Cost, replacement price Price effective from Koha item type
    Dewey Decimal Classification     Baccah Central Library Central Library Lower Floor 05/04/2026 Purchase 1320.00 40179   194 BAC 000057566 05/04/2026 1650.00 05/04/2026 Book - Borrowing